000 00529nam a2200217Ia 4500
003 OSt
005 20230413114335.0
008 210423s2006 xx 000 0 und d
020 _a324323735
040 _cAL
041 _aeng
082 _a658.152 MAYH
_223
100 _aMAYO (Herbert B).
_987864
245 _aInvestments: an introduction.
250 _a8
260 _aAustralia
_bThomson
_c2006
300 _axxviii,837
_bPB
365 _b595
_cINR
906 _aan ; introduction. ; Investments:
942 _2ddc
_cBK
999 _c159188
_d159188